Normal view
MARC view
- Morgan , Michael D
Entry Personal Name
001 - CONTROL NUMBER
- control field: 6043
003 - CONTROL NUMBER IDENTIFIER
- control field: OSt
005 - DATE AND TIME OF LATEST TRANSACTION
- control field: 20240215155750.0
008 - FIXED-LENGTH DATA ELEMENTS
- fixed length control field: 240215|| aca||aabn | a|a d
040 ## - CATALOGING SOURCE
- Original cataloging agency: OSt
- Transcribing agency: OSt
100 ## - HEADING--PERSONAL NAME
- Personal name: Morgan , Michael D
670 ## - SOURCE DATA FOUND
- Source citation: Work cat.: (OSt)10003: Moran, Joseph M . 6042, meteorlogy : The atmosphere and the science of weather / , 1989.
